| 000 | 00507nam a2200169 i 4500 | ||
|---|---|---|---|
| 001 | 52806 | ||
| 003 | ES-MaACL | ||
| 005 | 20230906162641.0 | ||
| 007 | t| | ||
| 008 | 030904s1959 sp ||||1| spa d | ||
| 100 | 1 |
_aDeeping, Warwick. _943195 |
|
| 245 | 1 | 3 |
_aLa tierra prometida / _cWarwick Deeping ; [versión de Mary Lladó]. |
| 260 |
_a[Barcelona] : _bCisne, _c1959 ( _fTalls. Gráf. P. Hermanos) |
||
| 300 |
_a25 p. ; _c18 cm. |
||
| 700 | 1 |
_aLladó, Mary. _972649 |
|
| 852 |
_aES-MaACL _jC-16825 _bR.44223 |
||
| 999 |
_c52806 _d52806 |
||